01730nam a2200301 a 450000100060000000300080000600500170001400800410003102000290007202000230010102000250012402000240014903500190017304000320019204100080022408200290023210000270026124500460028826000390033430000250037350400660039850506980046465000600116265000500122265000580127265000630133065100350139334732BD-RjUL20211209052213.0140519s1999 mau b 001 0 eng  a0631207201 (alk. paper) a063120721X (pbk.) a0631207201 (cased) : a063120721X (pbk.) : a(BD-RjUL)34826 aDLCbengcDLCdDLCdBD-RjUL aeng00a305.896073221bMCR 19991 aMcGary, Howard,d1947-10aRace and social justice /cHoward McGary. aMalden, Mass. :bBlackwell,c1999. axi, 237 p. ;c23 cm. aIncludes bibliographical references (p. [215]-228) and index.0 aPt. I. The Problem of Racism. 1. Alienation and the African-American Experience. 2. Race and Class Exploitation. 3. Racial Integration and Racial Separatism: Conceptual Clarifications. 4. The African-American Underclass and the Question of Values -- Pt. II. The Response to Racism. 5. Morality and Collective Liability. 6. Justice and Reparations. 7. Reparations, Self-Respect, and Public Policy. 8. Affirmative Action: A Review and Commentary -- Pt. III. Racism and its Remedies. 9. The Race and IQ Controversy. 10. Police Discretion and Discrimination. 11. DuBois, the New Conservatism, and the Critique of African-American Leadership. 12. Racism, Social Justice, and Interracial Coalitions. 0aAfrican AmericansxCivil rightsxHistoryy20th century. 0aRacismzUnited StatesxHistoryy20th century. 0aSocial justicezUnited StatesxHistoryy20th century. 0aRace discriminationzUnited StatesxHistoryy20th century. 0aUnited StatesxRace relations.